Les 15 meilleurs passeurs de la ligue des champions (saison 2023-2024) - Statistiques

Statistiques générales
  • Ce quiz a été pris 37 fois
  • Le résultat moyen est 5 sur 15
Statistiques - réponses
Classement
Nombre de
passes
décisives
Équipe Joueur % Correct
12 2 Manchester City Kevin De Bruyne
78%
8 2 Dortmund Julian Brandt
67%
10 2 Barcelone Raphinha
61%
9 2 Barcelone Pedri
58%
1 5 Braga Ricardo Horta
44%
2 4 PSV Johan Bakayoko
42%
3 3 Dortmund Marcel Sabitzer
42%
15 2 Paris Fabian Ruiz
36%
5 3 PSV Joey Veerman
25%
7 2 Bayern Munich Raphaël Guerreiro
11%
11 2 Galatasaray Baris Alper Yilmaz
0%
13 2 Molde FK Emil Breivik
0%
14 2 Panathinaïkos Fotis Ioannidis
0%
6 2 Athènes Niclas Eliasson
0%
4 3 Maccabi Haïfa Tjaronn Chery
0%
Aucun quiz correspondant
Distribution des résultats
% des personnes avec chaque résultat
Percentile par nombre de réponses
Votre historique - résultats
Vous n’avez pas pris ce quiz